Hoá học các câu chuyện lý thú

Cuốn sách tập hợp những chuyện đố vui dành cho các bạn học sinh đã nắm được kiến thức cơ bản của môn hoá học. Nội dung cuốn sách được biên soạn theo trình tự giúp các bạn tích luỹ được hệ thống kiến thức môn hoá học bậc trung học. Đ...

وصف كامل

محفوظ في:
التفاصيل البيبلوغرافية
المؤلف الرئيسي: Thế Trường
التنسيق: كتاب
اللغة:Undetermined
منشور في: Hà Nội Giáo dục 2006
الموضوعات:
الوسوم: إضافة وسم
لا توجد وسوم, كن أول من يضع وسما على هذه التسجيلة!
Thư viện lưu trữ: Trung tâm Học liệu Trường Đại học Cần Thơ
LEADER 01188nam a2200205Ia 4500
001 CTU_104026
008 210402s9999 xx 000 0 und d
020 |c 15200 
082 |a 540 
082 |b Th250 
100 |a Thế Trường 
245 0 |a Hoá học các câu chuyện lý thú 
245 0 |c Thế Trường 
260 |a Hà Nội 
260 |b Giáo dục 
260 |c 2006 
520 |a Cuốn sách tập hợp những chuyện đố vui dành cho các bạn học sinh đã nắm được kiến thức cơ bản của môn hoá học. Nội dung cuốn sách được biên soạn theo trình tự giúp các bạn tích luỹ được hệ thống kiến thức môn hoá học bậc trung học. Đồng thời qua lời giải các truyện đó chúng tôi đã đưa vào những tài liệu bổ sung về hoá học. Những tài liệu này sẽ giúp các bạn mở rộng và đào sâu thêm kiến thức hoá học cho mình. 
650 |a Chemistry 
904 |i Minh 
980 |a Trung tâm Học liệu Trường Đại học Cần Thơ